000 01153cam a22003014a 4500
001 13473623
003 OSt
005 20230915132028.0
008 040129s2004 ilua b 001 0 eng
010 _a 2004002097
020 _a0736045937 (soft cover)
040 _aDLC
_cDLC
_dDLC
042 _apcc
050 0 0 _aGV481.2
_b.B74 2004
082 0 0 _a613.71
_bBRE/S
100 1 _aBrehm-Curtis, Barbara
_99477
245 1 0 _aSuccessful fitness motivation strategies /
_cBarbara A. Brehm.
260 _aChampaign, IL :
_bHuman Kinetics,
_cc2004.
300 _axii, 188 p. :
_bill. ;
_c23 cm.
504 _aIncludes bibliographical references (p. 177-184) and index.
650 0 _aPhysical fitness
_xPsychological aspects.
650 0 _aMotivation (Psychology)
856 4 1 _3Table of contents
_uhttp://www.loc.gov/catdir/toc/ecip0414/2004002097.html
906 _a7
_bcbc
_corignew
_d1
_eecip
_f20
_gy-gencatlg
942 _2ddc
_cBK
_h613.71
_iBRE/S
_k613.71
_mBRE/S
999 _c42490
_d42490